Library Banner

Shaikh Niazi = شیخ نیازی / (Record no. 122276)

MARC details
000 -LEADER
fixed length control field 00488nam a22001457a 4500
005 - DATE AND TIME OF LATEST TRANSACTION
control field 20210518114721.0
008 - FIXED-LENGTH DATA ELEMENTS--GENERAL INFORMATION
fixed length control field 210518b ||||| |||| 00| 0 eng d
040 ## - CATALOGING SOURCE
Transcribing agency PK-LaUMT
082 ## - DEWEY DECIMAL CLASSIFICATION NUMBER
Classification number RHC 891.4393
Item number RAS-S
100 ## - MAIN ENTRY--PERSONAL NAME
Personal name Rashid Ahmad Siddiqui = رشید احمد نیازی
245 ## - TITLE STATEMENT
Title Shaikh Niazi = شیخ نیازی /
Statement of responsibility, etc by Rashid Ahmad Siddiqui = رشید احمد نیازی
260 ## - PUBLICATION, DISTRIBUTION, ETC. (IMPRINT)
Place of publication, distribution, etc Ali Garah :
Name of publisher, distributor, etc Shobah Urdu, Muslim University,
Date of publication, distribution, etc 1956
300 ## - PHYSICAL DESCRIPTION
Extent 122 p.
942 ## - ADDED ENTRY ELEMENTS (KOHA)
Koha item type Books
Holdings
Withdrawn status Lost status Damaged status Home library Current library Date acquired Full call number Barcode Date last seen Price effective from Koha item type
      UMT Main Campus UMT Main Campus 2021-05-18 RHC 891.4393 RAS-S 137550 2021-05-18 2021-05-18 Books